• 首页
  • 本馆介绍
  • 公告通知
  • 最新文献
  • 馆藏检索
  • 电子资源
  • 读者导购
  • 参考咨询
  • 我的图书馆
  • 登录
  • 详细信息显示
  • 放入我的书架
  • 预约/预借图书
  • 作者相关作品
  • 分类相关作品
  • 丛书相关作品
  • 出版社相关作品

书目信息

  • 表格格式
  • 工作单格式
  • 卡片格式
题名:
艺术与宇宙
    
 
作者: 巴罗 著 ;舒运祥 译
分册:  
出版信息: 上海   上海科学技术出版社  2001
页数: 360页
开本: 20cm
丛书名: KJ书屋
单 册:
中图分类: J0-05
科图分类:
主题词: 艺术--关系--自然科学--研究 , CT--S088382--艺术 , CT--S099080--自然科学
电子资源:
ISBN: 7-5323-6012-1
000 01175nam0 2200337 45
001 012002018787
005 20031219104119.0
010    @a7-5323-6012-1@dCNY26.00
100    @a20020305d2001 emky0chiy0110 ea
101 1  @achi@ceng
102    @aCN@b310000
105    @aa z 001yy
106    @ar
200 1  @a艺术与宇宙@9yi shu yu yu zhou@f(英)约翰·巴罗著@g舒运祥译
210    @a上海@c上海科学技术出版社@d2001
215    @a360页@c彩图@d20cm
225 2  @aKJ书屋@iView·新视角书系
300    @a新视角后有TM上角标
305    @a由牛津大学出版社授权出版,据原书1995年版译出
314    @a约翰·巴罗,苏塞克斯大学天文中心主任、天文学教授,著有《艺术与宇宙》等。
330    @a本书列举了大量有趣的例子,从一个独特的视角观察大千世界,内容包括意想不到的事情,进化的影响,物体大小、生命与风景,天与地等。
462  0 @12001 @aView·新视角书系
510 1  @aThe Artful Universe@zeng
606 0  @a艺术@x关系@x自然科学@x研究
606 0  @2CT@3S088382@a艺术
606 0  @2CT@3S099080@a自然科学
690    @aJ0-05@v4
701  1 @a巴罗@9ba luo@b约翰@4著
702  0 @a舒运祥@9shu yun xiang@4译
801    @aCN@bTSTC@c20030929
905    @b326366-375@dJ0-05@e104@f10
    
    艺术与宇宙/(英)约翰·巴罗著/舒运祥译.-上海:上海科学技术出版社,2001
    360页:彩图;20cm.-(KJ书屋.View·新视角书系)
    新视角后有TM上角标
    
    ISBN 7-5323-6012-1:CNY26.00
    本书列举了大量有趣的例子,从一个独特的视角观察大千世界,内容包括意想不到的事情,进化的影响,物体大小、生命与风景,天与地等。
●
相关链接 在E读中查询图书 在五车中查询图书 在当当中查询图书 在豆瓣中查询图书


正题名:艺术与宇宙     索取号:J0-05/104         预约/预借

序号 登录号 条形码 馆藏地/架位号 状态 备注
1 0326366   203263663   第一借阅区/ [索取号:J0-05/104] 在馆    
2 0326367   203263672   第一借阅区/ [索取号:J0-05/104] 在馆    
3 0326368   203263681   第一借阅区/ [索取号:J0-05/104] 在馆    
4 0326369   203263690   第一借阅区/ [索取号:J0-05/104] 在馆    
5 0326370   203263707   第一借阅区/ [索取号:J0-05/104] 在馆    
6 0326371   203263716   第一借阅区/ [索取号:J0-05/104] 在馆    
7 0326372   203263725   第一借阅区/ [索取号:J0-05/104] 在馆    
8 0326373   203263734   第一借阅区/ [索取号:J0-05/104] 在馆    
9 0326374   203263743   第一借阅区/ [索取号:J0-05/104] 在馆    
10 0326375   203263752   第一样本阅览室/ [索取号:J0-05/104] 在馆    
唐山师范学院图书馆 欢迎您!
大连网信软件有限公司© 版权所有